Statistics for Click Timeline: Harry Potter and the Wizarding World

Click here to take the quiz!

General Stats

  • This quiz has been taken 30,446 times
  • The average score is 9 of 11

Answers on the Map

Answers color-coded by a green-red scale on the quiz's map according to % correct below.
 

Answer Stats

Answer% Correct
Chamber of Secrets
92%
Philosopher's Stone
90%
Prisoner of Azkaban
87%
Deathly Hallows
86%
Goblet of Fire
86%
Half-Blood Prince
86%
Order of the Phoenix
82%
Fantastic Beasts and Where to Find Them
78%
The Secrets of Dumbledore
76%
The Crimes of Grindelwald
72%
Cursed Child
47%

Score Distribution

Percentile by Number Answered

Percent of People with Each Score

Your Score History

You have not taken this quiz